[Event "GER-ch41 final email"]
[Site "GER email"]
[Date "2012.03.10"]
[Round "?"]
[White "Bucher, Heinz"]
[Black "Mehlhorn, Uwe"]
[Result "1-0"]
[WhiteElo "2263"]
[BlackElo "2098"]
[PlyCount "39"]
[EventDate "2011.09.12"]
[EventType "tourn (corr)"]
[EventRounds "19"]
[EventCountry "GER"]
[SourceTitle "Corr 2015"]
[Source "ChessBase"]
[SourceDate "2015.07.17"]
[SourceVersion "1"]
[SourceVersionDate "2015.07.17"]
[SourceQuality "1"]

1. d4 d6 2. c4 e5 3. Nf3 Nc6 4. d5 Nce7 5. e4 g6 6. Nc3 Bg7 7. Bd3 f5 8. exf5 Nxf5 9. h4 Nf6 10. h5 Nxh5 11. g4 Nd4 12. gxh5 Bg4 13. Nxd4 Bxd1 14. Ne6 Qe7 15. Kxd1 Kd7 16. Be3 Rag8 17. h6 Bf6 18. c5 Kc8 19. Rc1 dxc5 20. Nb5 1-0

[Event "GER-chT9 LI-22 Br01 email"]
[Site "GER email"]
[Date "2011.10.17"]
[Round "?"]
[White "Bucher, Heinz"]
[Black "Priepke, Wolfgang"]
[Result "1/2-1/2"]
[WhiteElo "2263"]
[BlackElo "2209"]
[PlyCount "135"]
[EventDate "2011.10.23"]
[EventType "tourn (corr)"]
[EventRounds "9"]
[EventCountry "GER"]
[SourceTitle "Corr 2015"]
[Source "ChessBase"]
[SourceDate "2015.07.17"]
[SourceVersion "1"]
[SourceVersionDate "2015.07.17"]
[SourceQuality "1"]

1. d4 d5 2. c4 c6 3. Nc3 Nf6 4. Nf3 e6 5. e3 Nbd7 6. Qc2 Bd6 7. b3 0-0 8. Be2 b6 9. Bb2 Bb7 10. 0-0 Qe7 11. Rad1 Rad8 12. Rfe1 Rfe8 13. Bf1 c5 14. cxd5 exd5 15. dxc5 bxc5 16. g3 h6 17. Bg2 Qe6 18. Re2 Rc8 19. Red2 Nb6 20. Nb5 Bb8 21. Nh4 a6 22. Nc3 Be5 23. Rc1 Nbd7 24. Qd1 Rcd8 25. Nf3 Bxc3 26. Bxc3 Ne4 27. Rdc2 Nxc3 28. Rxc3 Qb6 29. R3c2 d4 30. exd4 Bxf3 31. Bxf3 cxd4 32. Bc6 Re7 33. Bxd7 Rexd7 34. Qd3 Qa5 35. Rc6 Qxa2 36. Rxa6 Qb2 37. Rcc6 Re8 38. Rc2 Qb1+ 39. Kg2 Qe1 40. Ra4 Qe5 41. Rd2 Red8 42. Rd1 Qe7 43. Rc4 Rd6 44. Rb1 Qb7+ 45. Kg1 Rb6 46. b4 Qd5 47. h3 Qb5 48. Rd1 Rbd6 49. Kh2 Qb7 50. Kg1 Qd7 51. Kg2 Qb7+ 52. Kh2 Qb5 53. Rd2 R6d7 54. Ra2 Rc7 55. Rc3 Qxd3 56. Rxd3 Rb7 57. Ra4 Kf8 58. Kg2 Ke7 59. Kf1 Ke6 60. Ke2 Kd5 61. Rd2 Re8+ 62. Kd3 Reb8 63. Ra5+ Ke6 64. Re2+ Kd6 65. Kxd4 Rxb4+ 66. Ke3 Rb3+ 67. Kf4 R8b4+ 68. Re4 1/2-1/2

[Event "GER-chT9 LI-22 Br01 email"]
[Site "GER email"]
[Date "2011.10.17"]
[Round "?"]
[White "Dorer, Manfred"]
[Black "Bucher, Heinz"]
[Result "1-0"]
[WhiteElo "2158"]
[BlackElo "2263"]
[PlyCount "127"]
[EventDate "2011.10.23"]
[EventType "tourn (corr)"]
[EventRounds "9"]
[EventCountry "GER"]
[SourceTitle "Corr 2015"]
[Source "ChessBase"]
[SourceDate "2015.07.17"]
[SourceVersion "1"]
[SourceVersionDate "2015.07.17"]
[SourceQuality "1"]

1. e4 c5 2. Nf3 d6 3. d4 cxd4 4. Nxd4 Nf6 5. Nc3 g6 6. Be3 Bg7 7. f3 0-0 8. Qd2 Nc6 9. Bc4 Bd7 10. 0-0-0 a6 11. h4 Ne5 12. Bb3 h5 13. g4 a5 14. a4 b5 15. g5 Ne8 16. Ncxb5 Bxb5 17. axb5 a4 18. Ba2 a3 19. b4 Rc8 20. f4 Nc4 21. Qe2 Nxe3 22. Qxe3 Nc7 23. f5 Bxd4 24. Rxd4 Nxb5 25. fxg6 Nxd4 26. gxf7+ Kh7 27. Qxd4 Qc7 28. g6+ Kh6 29. c4 e5 30. Qf2 Kg7 31. Rf1 Qe7 32. b5 Rh8 33. Bb3 Rcf8 34. Kb1 Rh6 35. Rg1 Qc7 36. c5 dxc5 37. Bd5 Rhh8 38. Rc1 Rc8 39. Ka2 Qd6 40. Rc2 c4 41. b6 Rc5 42. b7 Rb5 43. Qd2 Rb8 44. Qc3 Rb4 45. Rf2 Rf8 46. Rf5 Rb2+ 47. Ka1 Rb3 48. Qxe5+ Qxe5+ 49. Rxe5 Rb2 50. Rxh5 c3 51. e5 Rb4 52. Rg5 Rd8 53. e6 c2 54. Rg1 Rxb7 55. h5 Rbb8 56. e7 Re8 57. fxe8Q Rxe8 58. Rc1 Rxe7 59. Rxc2 Rd7 60. Bf7 Rd3 61. Rh2 Kh6 62. Rg2 Kg7 63. h6+ Kxh6 64. g7 1-0

[Event "GER-chT9 LI-22 Br01 email"]
[Site "GER email"]
[Date "2011.10.17"]
[Round "?"]
[White "Hofstetter, Hans Joachim"]
[Black "Bucher, Heinz"]
[Result "1-0"]
[WhiteElo "2176"]
[BlackElo "2263"]
[PlyCount "123"]
[EventDate "2011.10.23"]
[EventType "tourn (corr)"]
[EventRounds "9"]
[EventCountry "GER"]
[SourceTitle "Corr 2015"]
[Source "ChessBase"]
[SourceDate "2015.07.17"]
[SourceVersion "1"]
[SourceVersionDate "2015.07.17"]
[SourceQuality "1"]

1. d4 d5 2. c4 e6 3. Nc3 Nf6 4. cxd5 exd5 5. Bg5 Be7 6. e3 a6 7. Bd3 h6 8. Bh4 0-0 9. Nge2 Nbd7 10. 0-0 b5 11. Rc1 Bb7 12. h3 Re8 13. Bg3 Bf8 14. Bb1 Rc8 15. a3 Nh5 16. Nf4 Nxf4 17. Bxf4 g6 18. Qe2 c5 19. Ba2 c4 20. Bb1 Bc6 21. Qd2 Nb6 22. Na2 Na4 23. Be5 Nc5 24. Qe2 a5 25. f4 Nd7 26. Rf3 Be7 27. Rcf1 Rf8 28. h4 Bxh4 29. Bd6 Be7 30. Bxe7 Qxe7 31. f5 Qg5 32. f6 h5 33. Qe1 Ra8 34. Rg3 Qh6 35. Rh3 Rae8 36. Rff3 Kh8 37. Qh4 Rd8 38. g4 Rfe8 39. Rfg3 Ra8 40. g5 Qh7 41. Rg2 Nf8 42. Qg3 Re6 43. Nc3 b4 44. Ne2 Rae8 45. Nf4 Rxe3 46. Qxe3 Rxe3 47. Rxe3 h4 48. axb4 axb4 49. Rh2 Bd7 50. Ng2 h3 51. Nf4 Kg8 52. Rexh3 Bxh3 53. Rxh3 Qxh3 54. Nxh3 Ne6 55. Kf2 Nxd4 56. Ke3 Nb5 57. Nf4 d4+ 58. Kd2 d3 59. Nd5 b3 60. Ne3 Nd6 61. Kc3 Kf8 62. Nxc4 1-0

[Event "GER-ch41 final email"]
[Site "GER email"]
[Date "2011.09.10"]
[Round "?"]
[White "Werner, Juergen"]
[Black "Bucher, Heinz"]
[Result "1/2-1/2"]
[WhiteElo "2221"]
[BlackElo "2263"]
[PlyCount "69"]
[EventDate "2011.09.12"]
[EventType "tourn (corr)"]
[EventRounds "19"]
[EventCountry "GER"]
[SourceTitle "Corr 2015"]
[Source "ChessBase"]
[SourceDate "2015.07.17"]
[SourceVersion "1"]
[SourceVersionDate "2015.07.17"]
[SourceQuality "1"]

1. e4 c5 2. Nf3 d6 3. d4 cxd4 4. Nxd4 Nf6 5. Nc3 a6 6. Be3 e5 7. Nb3 Be6 8. f3 Be7 9. Qd2 0-0 10. 0-0-0 Nbd7 11. g4 b5 12. g5 b4 13. gxf6 bxc3 14. Qxc3 Nxf6 15. Na5 Qd7 16. Nc6 Rac8 17. Nxe7+ Qxe7 18. Qa5 Rc6 19. Kb1 Rfc8 20. Rd2 Nh5 21. Be2 Nf4 22. Bd1 Qb7 23. h4 h6 24. b3 Kh8 25. h5 Qb8 26. Bxf4 exf4 27. Rg1 Qa7 28. Rdg2 Rg8 29. Rh1 Qe7 30. Be2 Qf6 31. Bd3 Qd4 32. Rd1 Qe5 33. Qxe5 dxe5 34. Rh1 Kh7 35. Kb2 1/2-1/2

[Event "GER-chT8 LH-22 Br1 email"]
[Site "GER email"]
[Date "2009.10.09"]
[Round "?"]
[White "Bucher, Heinz"]
[Black "Schueppen, Heinz"]
[Result "1/2-1/2"]
[WhiteElo "2246"]
[BlackElo "2269"]
[PlyCount "44"]
[EventDate "2009.10.15"]
[EventType "tourn (corr)"]
[EventRounds "8"]
[EventCountry "GER"]
[SourceTitle "Corr 2013"]
[Source "ChessBase"]
[SourceDate "2012.11.12"]
[SourceVersion "1"]
[SourceVersionDate "2012.11.12"]
[SourceQuality "1"]

1. d4 d5 2. c4 c6 3. e3 Nf6 4. Nf3 a6 5. Nc3 b5 6. b3 Bg4 7. Be2 e6 8. 0-0 Nbd7 9. Qc2 Be7 10. e4 b4 11. e5 bxc3 12. exf6 Bxf6 13. cxd5 cxd5 14. Qxc3 0-0 15. Be3 Be7 16. h3 Rc8 17. Qd3 Bf5 18. Qxa6 Ra8 19. Qb5 Rb8 20. Qa6 Ra8 21. Qb5 Rb8 22. Qa6 Ra8 1/2-1/2

[Event "GER-chT8 LH-22 Br1 email"]
[Site "GER email"]
[Date "2009.10.09"]
[Round "?"]
[White "Bucher, Heinz"]
[Black "Thelen, Armin"]
[Result "1-0"]
[WhiteElo "2246"]
[BlackElo "2218"]
[PlyCount "131"]
[EventDate "2009.10.15"]
[EventType "tourn (corr)"]
[EventRounds "8"]
[EventCountry "GER"]
[SourceTitle "Corr 2013"]
[Source "ChessBase"]
[SourceDate "2012.11.12"]
[SourceVersion "1"]
[SourceVersionDate "2012.11.12"]
[SourceQuality "1"]

1. d4 Nf6 2. c4 e6 3. Nf3 c5 4. d5 exd5 5. cxd5 d6 6. Nc3 g6 7. e4 Bg7 8. Be2 0-0 9. 0-0 Re8 10. Nd2 Nbd7 11. a4 Ne5 12. h3 g5 13. Re1 h6 14. Nf1 a6 15. Bd2 Ng6 16. Ng3 b6 17. Rb1 Nf4 18. Bf1 Qc7 19. Qc1 Ng6 20. b4 Bd7 21. bxc5 dxc5 22. Qc2 Ne5 23. Nd1 c4 24. Ne3 b5 25. Bc3 Bf8 26. Nef5 Rab8 27. Qd2 Kh7 28. d6 Qc5 29. Bb4 Qa7 30. Ne7 Be6 31. Bc3 Qc5 32. Ngf5 Bxe7 33. dxe7 Ned7 34. Nd6 Rxe7 35. Bb4 Qc6 36. axb5 axb5 37. Nxc4 bxc4 38. Bxe7 Rxb1 39. Rxb1 Qxe4 40. Rc1 Kg8 41. Bxf6 Nxf6 42. Qe3 c3 43. Qxe4 Nxe4 44. f3 Ng3 45. Bd3 Nh5 46. Rxc3 Nf4 47. Bc4 Bd7 48. Kh2 Kg7 49. g3 Ng6 50. Ra3 Bc6 51. Ra5 Bd7 52. Kg2 Kf6 53. Ra7 Be8 54. Bb3 Ne7 55. Ba4 Bxa4 56. Rxa4 Kg6 57. f4 gxf4 58. Rxf4 Nd5 59. Rg4+ Kf6 60. Kf3 Kf5 61. Rd4 Ne7 62. Rd6 h5 63. Rh6 Kg5 64. Ra6 Kf5 65. Ra5+ Kg6 66. h4 1-0

[Event "GER-chT8 LH-22 Br1 email"]
[Site "GER email"]
[Date "2009.10.09"]
[Round "?"]
[White "Ellinger, Peter"]
[Black "Bucher, Heinz"]
[Result "1/2-1/2"]
[WhiteElo "2372"]
[BlackElo "2246"]
[PlyCount "39"]
[EventDate "2009.10.15"]
[EventType "tourn (corr)"]
[EventRounds "8"]
[EventCountry "GER"]
[SourceTitle "Corr 2013"]
[Source "ChessBase"]
[SourceDate "2012.11.12"]
[SourceVersion "1"]
[SourceVersionDate "2012.11.12"]
[SourceQuality "1"]

1. e4 c5 2. Nf3 d6 3. d4 cxd4 4. Nxd4 Nf6 5. Nc3 a6 6. Be3 e5 7. Nb3 Be6 8. Be2 Be7 9. Nd5 Nxd5 10. exd5 Bf5 11. 0-0 0-0 12. f4 exf4 13. Bxf4 Nd7 14. Kh1 Bg6 15. Bd3 Qc7 16. c3 Bf6 17. Bxg6 hxg6 18. Qd3 Rfe8 19. Nd2 Rac8 20. Rae1 1/2-1/2

[Event "GER-ch41 V06 serv"]
[Site "GER email"]
[Date "2009.05.04"]
[Round "?"]
[White "Bocker, Marcus"]
[Black "Bucher, Heinz"]
[Result "0-1"]
[WhiteElo "1870"]
[BlackElo "2237"]
[PlyCount "82"]
[EventDate "2009.05.11"]
[EventType "tourn (corr)"]
[EventRounds "10"]
[EventCountry "GER"]
[SourceTitle "Corr 2013"]
[Source "ChessBase"]
[SourceDate "2012.11.12"]
[SourceVersion "1"]
[SourceVersionDate "2012.11.12"]
[SourceQuality "1"]

1. d4 d5 2. Nf3 e6 3. Bf4 Bd6 4. e3 Bxf4 5. exf4 b6 6. Bd3 Nf6 7. 0-0 0-0 8. c3 Ba6 9. Bxa6 Nxa6 10. Qd3 Qc8 11. Nbd2 c5 12. Rac1 Qb7 13. Ne5 Ne4 14. Rfe1 Nd6 15. Qh3 Rfe8 16. dxc5 bxc5 17. b3 Rad8 18. c4 f6 19. Nd3 Nf5 20. g4 Nd4 21. Qe3 Qb6 22. cxd5 Rxd5 23. Nb1 Qd8 24. Red1 e5 25. fxe5 Nb4 26. Nc3 Nxd3 27. Qxd3 Rdxe5 28. f4 Re3 29. Qc4+ Kh8 30. Kh1 Qc8 31. f5 Qb8 32. Qf1 h6 33. g5 hxg5 34. Qg1 Rh3 35. Rf1 Ree3 36. Rf2 Qe5 37. Rd1 Rxc3 38. Qg2 Rcg3 39. Qa8+ Kh7 40. Qb7 Nf3 41. Qxf3 Rxf3 0-1

[Event "GER-ch41 V06 serv"]
[Site "GER email"]
[Date "2009.05.04"]
[Round "?"]
[White "Kuhn, Juergen"]
[Black "Bucher, Heinz"]
[Result "1/2-1/2"]
[WhiteElo "2067"]
[BlackElo "2237"]
[PlyCount "78"]
[EventDate "2009.05.11"]
[EventType "tourn (corr)"]
[EventRounds "10"]
[EventCountry "GER"]
[SourceTitle "Corr 2013"]
[Source "ChessBase"]
[SourceDate "2012.11.12"]
[SourceVersion "1"]
[SourceVersionDate "2012.11.12"]
[SourceQuality "1"]

1. d4 d5 2. c4 e6 3. Nc3 Nf6 4. Nf3 Be7 5. Bg5 0-0 6. e3 h6 7. Bh4 Nbd7 8. Rc1 c5 9. dxc5 dxc4 10. Bxc4 Nxc5 11. 0-0 Qb6 12. Qc2 Rd8 13. a3 a5 14. Rfd1 Bd7 15. Ne5 Be8 16. Be2 a4 17. Nc4 Qa7 18. Rxd8 Rxd8 19. Rd1 Rxd1+ 20. Qxd1 g5 21. Bg3 Nce4 22. Nxe4 Nxe4 23. Be5 b5 24. Nd2 Nxd2 25. Qxd2 Bc6 26. Bc3 Qd7 27. Qxd7 Bxd7 28. g3 Bc6 29. Kf1 Bd6 30. f4 Bc5 31. Kf2 gxf4 32. gxf4 Kf8 33. Bd1 Ke7 34. h4 f6 35. Bc2 Kf7 36. h5 Bd6 37. Kg3 f5 38. Bd1 Be7 39. Kf2 Bf6 1/2-1/2

[Event "GER-ch41 V06 serv"]
[Site "GER email"]
[Date "2009.05.04"]
[Round "?"]
[White "Ruhle, Ernst Olav"]
[Black "Bucher, Heinz"]
[Result "0-1"]
[WhiteElo "2104"]
[BlackElo "2237"]
[PlyCount "76"]
[EventDate "2009.05.11"]
[EventType "tourn (corr)"]
[EventRounds "10"]
[EventCountry "GER"]
[SourceTitle "Corr 2013"]
[Source "ChessBase"]
[SourceDate "2012.11.12"]
[SourceVersion "1"]
[SourceVersionDate "2012.11.12"]
[SourceQuality "1"]

1. d4 d5 2. Nf3 e6 3. c4 Nf6 4. Nc3 c6 5. Bg5 h6 6. Bh4 dxc4 7. e4 g5 8. Bg3 b5 9. Be2 Bb7 10. 0-0 Nbd7 11. Ne5 Be7 12. Nxc6 Bxc6 13. d5 Bb7 14. d6 Qa5 15. dxe7 b4 16. Nb1 Nxe4 17. Bf3 Nxg3 18. Bxb7 Nxf1 19. Qd6 Qe5 20. Qxe5 Nxe5 21. Bxa8 Kxe7 22. Be4 Nxh2 23. Kxh2 Rd8 24. Bc2 h5 25. Kg1 g4 26. b3 c3 27. a3 a5 28. axb4 axb4 29. Ra4 Nc6 30. g3 Rd7 31. Ra2 Nd4 32. Kg2 f5 33. Bd1 Rc7 34. Bc2 Kf6 35. Kf1 Rh7 36. Bd1 h4 37. Kg2 h3+ 38. Kh2 Rc7 0-1

[Event "GER-chT KG-32 email"]
[Site "GER email"]
[Date "2007.10.25"]
[Round "?"]
[White "Bucher, Heinz"]
[Black "Lukas, Norbert"]
[Result "1-0"]
[WhiteElo "2000"]
[BlackElo "1976"]
[PlyCount "81"]
[EventDate "2007.??.??"]
[EventType "tourn (corr)"]
[EventRounds "4"]
[EventCountry "GER"]
[SourceTitle "Corr 2011"]
[Source "ChessBase"]
[SourceDate "2010.08.31"]
[SourceVersion "1"]
[SourceVersionDate "2010.08.31"]
[SourceQuality "1"]

1. d4 Nf6 2. c4 e6 3. Nc3 Bb4 4. Qc2 0-0 5. a3 Bxc3+ 6. Qxc3 d6 7. g3 e5 8. dxe5 dxe5 9. Bg2 Re8 10. Be3 Ng4 11. Rd1 Qf6 12. Nf3 Nxe3 13. Qxe3 Nc6 14. 0-0 Bg4 15. h3 Be6 16. Ng5 Bxc4 17. Qe4 Qxg5 18. Qxc4 Qf5 19. Bxc6 bxc6 20. Qxc6 Qxh3 21. Rd7 Qh5 22. Rc1 Qxe2 23. Qd5 Kh8 24. Rcxc7 Rg8 25. b4 a5 26. b5 e4 27. Qc4 Qh5 28. Qc5 Qh3 29. b6 Rae8 30. Qe3 Re6 31. b7 Rh6 32. Qxe4 Qh2+ 33. Kf1 Qh3+ 34. Qg2 Qh5 35. Kg1 Rb6 36. Qe4 Qh3 37. Rc6 Rb3 38. Rxf7 Rxa3 39. Qe1 Rd3 40. Rxg7 Rgd8 41. b8Q 1-0

[Event "GER KF-36 Class1 B1 email"]
[Site "GER email"]
[Date "2007.??.??"]
[Round "?"]
[White "Bucher, Heinz"]
[Black "Wilhelm, Karl Guenter"]
[Result "1-0"]
[WhiteElo "2269"]
[BlackElo "2024"]
[PlyCount "63"]
[EventDate "2007.??.??"]
[EventType "tourn (corr)"]
[EventRounds "6"]
[EventCountry "GER"]
[SourceTitle "Corr 2008"]
[Source "ChessBase"]
[SourceDate "2008.06.24"]
[SourceVersion "1"]
[SourceVersionDate "2008.06.24"]
[SourceQuality "1"]

1. d4 d5 2. c4 e6 3. Nc3 Nf6 4. Nf3 c6 5. e3 Nbd7 6. Bd3 Bd6 7. e4 dxe4 8. Nxe4 Nxe4 9. Bxe4 Nf6 10. Bc2 b6 11. 0-0 Bb7 12. Bg5 Qc7 13. Qe2 0-0-0 14. b4 Bxb4 15. c5 Bc3 16. cxb6 axb6 17. Rad1 Bb4 18. Rb1 Bd6 19. Rb2 Rde8 20. Rfb1 Nd5 21. Bd2 f6 22. Be4 Qb8 23. a4 Bc7 24. Bb4 Qa8 25. Qc2 g6 26. Nd2 f5 27. Bf3 Ba6 28. a5 bxa5 29. Ba3 a4 30. Rc1 Kd7 31. Qc5 Kc8 32. g3 1-0

[Event "GER KF-36 Class1 B1 email"]
[Site "GER email"]
[Date "2007.??.??"]
[Round "?"]
[White "Schilling, Frank"]
[Black "Bucher, Heinz"]
[Result "1/2-1/2"]
[WhiteElo "2096"]
[BlackElo "2269"]
[PlyCount "157"]
[EventDate "2007.??.??"]
[EventType "tourn (corr)"]
[EventRounds "6"]
[EventCountry "GER"]
[SourceTitle "Corr 2008"]
[Source "ChessBase"]
[SourceDate "2008.06.24"]
[SourceVersion "1"]
[SourceVersionDate "2008.06.24"]
[SourceQuality "1"]

1. e4 c5 2. Nf3 d6 3. d4 cxd4 4. Nxd4 Nf6 5. Nc3 e6 6. Be2 Nc6 7. 0-0 Be7 8. Be3 0-0 9. f4 Bd7 10. Nb3 Qc7 11. g4 h6 12. Qe1 a6 13. a3 b5 14. Qg3 d5 15. e5 Nh7 16. Rad1 Rfb8 17. Bd3 b4 18. axb4 Rxb4 19. Ne2 a5 20. Bd2 Rbb8 21. Bc3 a4 22. Nbd4 a3 23. bxa3 Rxa3 24. Rb1 Rxb1 25. Rxb1 Bc5 26. Kh1 Ra4 27. Nb3 Be7 28. h4 Nf8 29. g5 hxg5 30. hxg5 Qb7 31. Kh2 Nb4 32. Nbd4 Qa7 33. g6 Nxd3 34. Qxd3 Qc7 35. gxf7+ Kxf7 36. Kg2 Kg8 37. Rh1 Bc5 38. Qg3 Rc4 39. Rh3 Bxd4 40. Nxd4 Be8 41. f5 exf5 42. Nxf5 Ng6 43. Nd6 Nf4+ 44. Kh2 Nxh3 45. Nxc4 Qxc4 46. Kxh3 d4 47. Bd2 Qxc2 48. Qf4 Qd3+ 49. Kh2 Bd7 50. Kg1 Bh3 51. Kh2 Bf5 52. Bb4 Be6 53. Qf8+ Kh7 54. Qf4 Qh3+ 55. Kg1 Bd5 56. Kf2 Qg2+ 57. Ke1 Bc4 58. Kd1 Bd3 59. Qd2 Qg4+ 60. Kc1 Bf5 61. Qh2+ Kg6 62. Bd2 Qe4 63. Qg3+ Kh7 64. Kd1 Kg8 65. Qb3+ Kh8 66. Qg3 Bg4+ 67. Kc1 Qc6+ 68. Kb2 Qb5+ 69. Kc2 Qc5+ 70. Kb2 Bf5 71. Bf4 d3 72. Qh2+ Kg8 73. Qd2 Qd4+ 74. Kb1 Be6 75. Qh2 Bb3 76. e6 Bxe6 77. Qd2 Qe4 78. Be3 Bf7 79. Kc1 1/2-1/2

[Event "GER-ch37 V1 email"]
[Site "GER email"]
[Date "2005.04.01"]
[Round "?"]
[White "Bucher, Heinz"]
[Black "Gundrum, Andreas"]
[Result "1-0"]
[WhiteElo "2260"]
[BlackElo "1918"]
[PlyCount "101"]
[EventDate "2005.??.??"]
[EventType "tourn (corr)"]
[EventRounds "10"]
[EventCountry "GER"]
[SourceTitle "Corr 2008"]
[Source "ChessBase"]
[SourceDate "2008.06.24"]
[SourceVersion "1"]
[SourceVersionDate "2008.06.24"]
[SourceQuality "1"]

1. d4 Nf6 2. c4 g6 3. Nc3 d5 4. cxd5 Nxd5 5. e4 Nxc3 6. bxc3 Bg7 7. Nf3 c5 8. Bb5+ Bd7 9. Be2 cxd4 10. cxd4 Bc6 11. Qd3 f5 12. e5 Be4 13. Qe3 Nc6 14. 0-0 Bd5 15. Rd1 0-0 16. Ba3 f4 17. Qc3 Rc8 18. Bc4 Nb4 19. Bxd5+ Nxd5 20. Qb3 Rc3 21. Qa4 Qe8 22. Qxa7 Qa8 23. Qxa8 Rxa8 24. Bb2 Rc2 25. Rd2 Rac8 26. Rb1 h6 27. Rxc2 Rxc2 28. Ne1 Re2 29. Kf1 Rd2 30. Nf3 Rc2 31. Ke1 Nb4 32. Ba3 Nd3+ 33. Kf1 Rxf2+ 34. Kg1 Rxa2 35. Bxe7 b5 36. e6 Ra7 37. Bd8 Kf8 38. d5 Ra1 39. Rxa1 Bxa1 40. Kf1 Nc5 41. Ba5 Ke8 42. Nh4 g5 43. Nf5 Be5 44. Nxh6 Nb7 45. Bd2 Bd6 46. Nf5 Bf8 47. h4 gxh4 48. Bxf4 b4 49. Ke2 b3 50. Be5 Nd6 51. Nxd6+ 1-0

[Event "GER-ch37 V1 email"]
[Site "GER email"]
[Date "2005.04.01"]
[Round "?"]
[White "Bucher, Heinz"]
[Black "Neumann, Ingo"]
[Result "1/2-1/2"]
[WhiteElo "2260"]
[BlackElo "2118"]
[PlyCount "141"]
[EventDate "2005.??.??"]
[EventType "tourn (corr)"]
[EventRounds "10"]
[EventCountry "GER"]
[SourceTitle "Corr 2008"]
[Source "ChessBase"]
[SourceDate "2008.06.24"]
[SourceVersion "1"]
[SourceVersionDate "2008.06.24"]
[SourceQuality "1"]

1. d4 d5 2. c4 c6 3. Nf3 Nf6 4. Nc3 e6 5. e3 Nbd7 6. Bd3 dxc4 7. Bxc4 b5 8. Bd3 Bb7 9. e4 b4 10. Na4 c5 11. e5 Nd5 12. Nxc5 Nxc5 13. dxc5 Bxc5 14. 0-0 h6 15. Qa4+ Ke7 16. Ba6 Qb6 17. Bxb7 Qxb7 18. Qc2 Rac8 19. Qe4 Rhd8 20. Bd2 Kf8 21. Rad1 Kg8 22. Qg4 Kh7 23. Qe4+ Kh8 24. g4 Qb5 25. g5 h5 26. g6 fxg6 27. Qxg6 Qe8 28. Qe4 Be7 29. Bg5 Rc5 30. Rd4 Rdc8 31. Bxe7 Qxe7 32. h4 Rf8 33. Ng5 Rf5 34. f4 g6 35. Qd3 Rc6 36. Rf2 a6 37. Kg2 Kg7 38. Qf3 Rc5 39. Rfd2 Rf8 40. a3 a5 41. Kh2 Rc6 42. axb4 axb4 43. Kg3 Rc1 44. Rd1 Rc2 45. Ra1 Rc6 46. Nxe6+ Qxe6 47. Rxd5 Rf7 48. Rd4 Rc4 49. Rxc4 Qxc4 50. Rd1 Qc2 51. Rd6 Qb1 52. Rd2 Rc7 53. Rf2 Qf5 54. Kh2 Rc2 55. Qb7+ Kh6 56. Rxc2 Qxc2+ 57. Qg2 b3 58. Kg3 Qd1 59. Qf3 Qg1+ 60. Kh3 Kg7 61. Qe2 Kf8 62. Qf3 Ke7 63. Qb7+ Kf8 64. Qa8+ Kg7 65. Qf3 Qd4 66. Qb7+ Kh6 67. Qxb3 Qxf4 68. Qg3 Qf5+ 69. Kh2 Qe4 70. b3 Kg7 71. Kg1 1/2-1/2

[Event "GER-ch37 V1 email"]
[Site "GER email"]
[Date "2005.04.01"]
[Round "?"]
[White "Keitsch, Ulrich"]
[Black "Bucher, Heinz"]
[Result "1/2-1/2"]
[WhiteElo "2134"]
[BlackElo "2260"]
[PlyCount "58"]
[EventDate "2005.??.??"]
[EventType "tourn (corr)"]
[EventRounds "10"]
[EventCountry "GER"]
[SourceTitle "Corr 2008"]
[Source "ChessBase"]
[SourceDate "2008.06.24"]
[SourceVersion "1"]
[SourceVersionDate "2008.06.24"]
[SourceQuality "1"]

1. d4 d5 2. Nf3 Nf6 3. e3 e6 4. Bd3 c5 5. b3 Nc6 6. 0-0 Be7 7. Bb2 cxd4 8. exd4 0-0 9. Nbd2 Nh5 10. g3 f5 11. Ne5 Nf6 12. Ndf3 Bd7 13. Nxc6 Bxc6 14. Qe2 Ne4 15. Ne5 Bd6 16. Nxc6 bxc6 17. Rae1 Rf6 18. Bxe4 fxe4 19. f3 Rg6 20. Kh1 exf3 21. Rxf3 Qa5 22. c4 Rf8 23. Rxf8+ Bxf8 24. a3 Rf6 25. c5 g6 26. Kg2 Bh6 27. Rd1 Bg7 28. h4 h5 29. Re1 Bh6 1/2-1/2